000 01271pam a22003257a 4500
001 15406267
003 OSt
005 20150408114023.0
008 080809s2008 enka b 101 0 eng
010 _a 2008426557
020 _a9781845641061 (cased)
020 _a184564106X (cased)
035 _a(OCoLC)ocn191891146
040 _aUKM
_cUKM
_dBTCTA
_dYDXCP
_dBAKER
_dBWKUK
_dBWK
_dBWX
_dDLC
042 _aukblsr
_alccopycat
050 0 0 _aTA664
_b.I577 2008
082 0 0 _a624.18
_222
111 2 _aInternational Conference on High Performance Structures and Materials
_n(4th :
_d2008 :
_cThe Algarve, Portugal)
_911988
245 1 0 _aHigh performance structures and materials IV /
_cedited by W.P. Wilde and C.A. Brebbia.
260 _aSouthampton :
_bWIT,
_cc2008.
300 _a546 p. :
_bill. ;
_c23 cm.
440 0 _aWIT transactions on the built environment,
_x1746-4498 ;
_vv. 97
_911989
504 _aIncludes bibliographical references and index.
650 0 _aBuilding materials
_vCongresses.
_911990
650 0 _aComposite materials
_vCongresses.
_911991
700 1 _aWilde, W. P. de
_q(Willy Patrick),
_d1946-
_911992
700 1 _aBrebbia, C. A.
_911979
942 _2ddc
_cBOOK
999 _c22169
_d256669